Statistics for European Rugby Champions Cup Winners

Click here to take the quiz!

General Stats

  • This quiz has been taken 68 times
    (30 since last reset)
  • The average score is 10 of 13

Answer Stats

TitlesTeam% Correct
6Toulouse
96%
4Leinster
89%
3Toulon
89%
2Munster
86%
3Saracens
86%
2Leicester Tigers
79%
2London Wasps
79%
2La Rochelle
75%
1Exeter Chiefs
68%
1Ulster
68%
1Bath
64%
1Northampton Saints
54%
1Brive
46%

Score Distribution

Percentile by Number Answered

Percent of People with Each Score

Your Score History

You have not taken this quiz since the last reset